000 00758nam a22002651 4500
999 _c129682
_d129682
001 1768583
003 ARRUPE
005 20190611082802.0
008 770517s1969 fr b 000 0 fre
010 _a 76428789
015 _aF***
040 _aDLC
_cDLC
_dDLC
050 0 0 _aQ175
_b.U4 1958
082 0 0 _a501
100 1 _aUllmo, Jean.
_946606
245 1 3 _aLa Pensée scientifique moderne.
_cPréface de Louis Armand.
260 _aParis,
_bFlammarion,
_c1969.
300 _a317 p.
_c18 cm.
350 _a7.50
490 0 _aScience de la nature
500 _aIllustrated cover.
504 _aBibliographical footnotes.
650 0 _aScience
_xPhilosophy.
_946607
906 _a7
_bcbc
_corignew
_du
_encip
_f19
_gy-gencatlg
942 _2lcc
_cMONOGRAPH